01374cam a2200373 i 450000100090000000300050000900500170001400800410003102000290007204000290010104200060013004300060013605000090014208200190015110000280017024502330019825000200043126400500045130000290050133600090053033700090053933800090054836500130055750400670057065000330063765000360067070000450070670000380075170000380078990600240082794200120085199900190086395201180088221854733322820210921123333.0201229s2018 sa a b 001 0 eng d a9780190749040cpaperback aDLCbengerdacDLCd3228 a  a 00a b 04a657.45 AUDI2  aPrinsloo, Frans911635300aAuditing fundamentals in a South African context /ceditors, Frans Prinsloo, Pieter von Wielligh, Gerrit Penning, Rika Butler, Dana Nathan (Josset), Graeme O'Reilly, Rolien Kunz, Vincent Motholo, Riaan Rudman, Henriette Scholtz. aSecond edition. 1aCape Town :bOxford University Press,c[2018] alxii, 738 pages ;c30 cm a 2  a 2  a 2  bR 580.00 aIncludes bibliographical references (pages 731-733) and index. 0aAuditingvTextbooks.9116354 0aAuditingzSouth Africa.91163551 aWielligh, S. P. J. von,eeditor.91163561 aPrinsloo, Frans,eeditor.91163531 aPenning, Gerrit,eeditor.9116357 a c b d e f g  2ddccBK c576950d576949 00102ddc40708600aRIVELbRIVELcGENd2021-09-21l0o657.45 AUDI p33228031012002r2021-09-21w2021-09-21yBK